Le Laos pour les touristes... - Facile - Statistiques

Statistiques générales
  • Ce quiz a été pris 33 fois
  • Le résultat moyen est 12 sur 20
Statistiques - réponses
Question Indice Réponses Indice facile % Correct
Le suffixe internet est la
100%
Quelle est la langue officielle ? Lao
100%
Code sur les plaques minéralogiques LAO
100%
Achats à faire 2/ Sculpture religieuse de Bouddha DAHBOUD
96%
Achats à faire 1/ Tissus en Soie SIOE
96%
Achats à faire 4/ Boisson chaude Café FECA
91%
La religion majoritaire est Bouddhisme B
83%
Dans la capitale quel est le décalage horaire avec Paris ? (+ ou - et chiffre) ex - 10 ou + 3,5 + 5
65%
Quelles sont les principaux lieux touristiques ? M Croisière sur le {Mekong} EMOGKN
65%
Quelle est la monnaie ? Kip K
65%
Quel est le régime du pays ? R République
65%
Achats à faire 3/ Pierre bleue Saphir PHARIS
65%
Combien d'heures (environ) mettrez-vous pour vous y rendre ? (en chiffres) 16
57%
Quelles sont les principaux lieux touristiques ? L P Marché nocturne de {Luang Prabang} NPABRGAGUNLA
57%
Comment se nomme la principale compagnie aérienne locale L A Lao Airlines
43%
Quel est le climat local ? T H Tropical humide
26%
Quelles sont les principaux lieux touristiques ? D D Ile de {Don Det} ODENDT
22%
Quelles sont les principaux lieux touristiques ? V V Ville de {Vang Vieg} GAVEVIGN
22%
Quelles sont les principaux lieux touristiques ? K L Grotte de {Kong Lor} LOKONGR
13%
Le principal aéroport est V Vientane
4%
Aucun quiz correspondant
Distribution des résultats
% des personnes avec chaque résultat
Percentile par nombre de réponses
Votre historique - résultats
Vous n’avez pas pris ce quiz